000 00660nam a2200205Ii 4500
003 JO-AjNU
008 230605s9999||||xx |||||||||||||| ||und||
017 _a2006/8/2141
040 _aJO-AjNU
_bara
_erda
_cJO-AjNU
041 _aara
050 1 4 _aPJ7561 2006
100 3 _aالسبتي،خالد هدي,
_eauthor
_923925
245 0 0 _aعلي الفزاع شاعرا "دراسة نقدية"
264 3 1 _aالزرقاء:المؤلف،2006
300 _a192ص
336 _atext
_btxt
_2rdacontent
337 _aunmediated
_bn
_2rdamedia
338 _avolume
_bnc
_2rdacarrier
650 4 _aالشعراء العرب-تراجم-الشعر العربي
_923926
999 _aA8732
_c12300
_d12300